Métodos naturales de la regulación humana de la fertilidad

Saved in:
Bibliografiske detaljer
Main Authors: Melendo Granados, Tomás (autor), Fernández Crehuet, Joaquín (Author)
Format: Bog
Sprog:spansk
Udgivet: Madrid Palabra 1989
Serier:Libros Mc
Fag:
Tags: Tilføj Tag
Ingen Tags, Vær først til at tagge denne postø!

MARC

LEADER 00000nam a2200000 a 4500
001 UCW5064
003 CL-VaPUC
008 901127e19890000SP |||||||||||||||||spa|d
082 0 4 |a 613.94  |b MEL  |2 21 
100 |a Melendo Granados, Tomás  |e autor  |9 471836 
700 0 |a Fernández Crehuet, Joaquín  |e author  |9 309890 
245 1 0 |a Métodos naturales de la regulación humana de la fertilidad 
300 |a 183 p 
942 |c BK 
945 |d 19901127 00:00:00 
260 |a Madrid  |b Palabra  |c 1989 
650 7 |a CONTROL NATAL  |2 CL-VaPUC  |9 309891 
650 7 |a METODOS NATURALES  |2 CL-VaPUC  |9 309892 
650 7 |a PLANIFICACION FAMILIAR  |2 CL-VaPUC  |9 309893 
650 7 |a METODO DE BILLINGS  |2 CL-VaPUC  |9 309894 
583 |a last modification  |c 20170609 10:02:50  |k Rodrigo Vera 
490 0 |a Libros Mc 
999 |c 218580  |d 218578 
952 |0 0  |1 0  |4 0  |6 613_940000000000000_MEL_1989  |7 0  |8 P  |9 208327  |a BIBEDU  |b BIBEDU  |c BIBEDU_PB  |d 2019-11-15  |i 2762625  |o 613.94 MEL 1989  |p 2762625  |r 2024-01-25  |w 2019-11-15  |y BK  |k EDU